[Event "FIDE Candidates 2014"]
[Site "Khanty-Mansiysk RUS"]
[Date "2014.03.19"]
[Round "6.1"]
[White "Topalov, Veselin"]
[Black "Kramnik, Vladimir"]
[Result "1-0"]
[WhiteElo "2785"]
[BlackElo "2787"]
[Annotator "Crowther,Mark"]
[PlyCount "81"]
[EventDate "2014.03.13"]

1. d4 Nf6 2. c4 e6 3. Nf3 d5 4. Nc3 Be7 5. Bf4 O-O 6. e3 Nbd7 7. c5 Nh5 8. Be5
{"I played this move 8...Be5 which is objectively dubious and there should be
several way [for black to get a satisfactory game] but I thought for one game
interesting you know. The position is really complicated and really deep maybe
for him today it was too deep." - Topalov. Kramnik said much later that he
realised he'd been caught in computer preparation and wanted to escape that as
soon as he could.} (8. Bd3 Nxf4 9. exf4 b6 10. b4 a5 11. a3 c6 12. O-O Qc7 13.
g3 Ba6 14. Bxa6 Rxa6 15. Qe2 Rfa8 16. b5 cxb5 17. Nxd5 exd5 18. Qxe7 Rc8 19.
Rab1 bxc5 20. Rxb5 Re6 21. Qg5 h6 22. Qxd5 Rd6 23. Qa2 Qc6 24. Qe2 cxd4 25.
Rfb1 a4 26. Ne1 Nc5 27. Nd3 Nxd3 28. Qxd3 Qc3 29. Rd1 Re6 30. Re5 Rxe5 31. fxe5
Qb3 32. Qxd4 Qxa3 33. Kg2 Qb3 34. Qd7 Ra8 35. Rd3 Qe6 36. Qb7 Qc8 37. Qf3 Ra5 {
Ivanchuk,V (2731)-Kramnik,V (2784) Tromsoe 2013 0-1}) 8... c6 9. Bd3 g6 10. h4
$146 (10. b4 Nxe5 11. Nxe5 f6 12. Nf3 e5 13. Be2 e4 14. Nd2 Ng7 15. Qb3 f5 16.
g3 g5 17. O-O Kh8 18. Rfe1 Bf6 19. Qd1 Be6 20. b5 f4 21. Nb3 Nf5 22. Bf1 fxe3
23. fxe3 g4 24. Re2 h5 25. Qe1 h4 26. Nd1 cxb5 27. Rg2 b4 28. a4 Bg5 29. a5 Qf6
30. a6 Rab8 31. Rf2 Qh6 32. Raa2 Kg7 33. axb7 Rxb7 34. c6 Rbf7 35. Ba6 Rh8 36.
Rxf5 Bxf5 37. Bb5 Be7 38. Nd2 hxg3 39. Nf1 b3 {Cannon,A (2234)-Johansson,B 
(2294) ICCF email 2011 0-1}) 10... f5 {Kramnik gets himself into very hot
water indeed after this. "8....c6 and 9...g6 are fine but 10...f5 is not so
good." - Topalov.} (10... Nxe5 11. Nxe5 f6 {may even be better for black.}) 11.
Bh2 {Topalov was looking at this position before the game. He thought they
decided that white would at least have compensation for the pawn he's offering
here.} b6 $6 {Unless someone can find a deep line this almost looks like the
decisive mistake because this is the area that collapses almost immediately
for Kramnik.} (11... f4 $5 {must have been a main line which Topalov would
have prepared deeply but for better or worse this is what Kramnik should have
gone for. Kramnik mentioned computers so many times in his short press
conference later.}) 12. b4 f4 $6 {Mixing an matching lines which doesn't work
either.} (12... a5 13. b5 Bb7 14. cxb6 Nxb6 15. O-O) 13. O-O a5 $6 (13... e5 {
After e5 Topalov wasn't sure what he was going to play.} 14. b5 (14. Qa4)) (
13... fxe3 14. fxe3 Bxh4 (14... Bb7)) (13... Bxh4 14. b5 Bb7 15. Qa4) 14. b5
bxc5 15. bxc6 Nb8 16. Bb5 {"Black has no hope." Topalov.} Ba6 17. a4 {It's
very hard to make any suggestion for black.} Qc8 18. dxc5 Nxc6 19. Nxd5 {This
wins almost out of hand.} exd5 20. Qxd5+ Kh8 21. Qxc6 Qxc6 22. Bxc6 Rac8 23.
Bb5 Bxb5 24. axb5 Bxc5 25. Rxa5 fxe3 26. fxe3 Bxe3+ 27. Kh1 Rc2 (27... Nf6) 28.
Rb1 Rfc8 29. Raa1 Bb6 30. Be5+ Kg8 31. Ra6 Be3 32. b6 Rc1+ 33. Rxc1 Rxc1+ 34.
Kh2 Rb1 35. g4 Bf4+ 36. Kg2 Bxe5 37. Nxe5 Nf4+ 38. Kf3 Ne6 39. b7 Rb3+ 40. Kf2
Rb2+ 41. Ke3 1-0

[Event "FIDE Candidates 2014"]
[Site "Khanty-Mansiysk RUS"]
[Date "2014.03.19"]
[Round "6.2"]
[White "Anand, Viswanathan"]
[Black "Karjakin, Sergey"]
[Result "1/2-1/2"]
[WhiteElo "2770"]
[BlackElo "2766"]
[Annotator "Crowther,Mark"]
[PlyCount "66"]
[EventDate "2014.03.13"]

1. e4 e5 2. Nf3 Nc6 3. Bb5 Nf6 4. O-O Nxe4 5. d4 Nd6 6. Bxc6 dxc6 7. dxe5 Nf5
8. Qxd8+ Kxd8 9. h3 Ke8 10. Nc3 h5 11. Bf4 (11. Ne2 Be7 12. Re1 Be6 13. Ned4
Nxd4 14. Nxd4 Bc8 15. Bf4 c5 16. Nb5 Bd8 17. e6 Bxe6 18. Rad1 Ke7 19. Nxc7 Bxc7
20. Bxc7 Rac8 21. Bd6+ {1/2-1/2 (21) Fressinet,L (2710)-Giri,A (2749) Germany
2014}) 11... Be7 12. Rad1 Be6 13. Ng5 Rh6 14. Rfe1 Bb4 15. g4 hxg4 16. hxg4 Ne7
17. Nxe6 Rxe6 18. Kg2 Bxc3 19. bxc3 Rd8 20. Rxd8+ $146 (20. Rb1 b5 21. Kg3 Rd5
22. c4 Rc5 23. Re4 a6 24. Rb3 Ng6 25. Ra3 f6 26. Rxa6 Nxf4 27. Kxf4 Rexe5 28.
Rxe5+ fxe5+ 29. Kf5 Kf7 30. Ra7 g6+ 31. Kg5 e4+ 32. Kh6 Rxc4 33. Rxc7+ Ke6 34.
g5 Rxc2 35. Kxg6 Rxf2 36. Rxc6+ Kd5 37. Rb6 Kc5 38. Re6 Kd4 39. Rd6+ Kc5 40.
Re6 Kd4 41. Rd6+ Kc5 42. Re6 {1/2-1/2 (42) Karjakin,S (2786)-Grischuk,A (2764)
Moscow 2013}) 20... Kxd8 21. Rh1 {Both players had prepared up to here but
Karjakin had to try and remember his analysis whilst Anand presumably looked
at it in preparation for this game.} Nd5 22. Bg3 g5 23. c4 Nc3 (23... Nb4 {was
Karjakin's initial intention but then he saw some problems. I'm not clear if
they're real or not as this is a pretty slow manoeuvring game.} 24. f4 Nxc2 (
24... gxf4 25. Bh4+ Kc8 26. Bf6 b5 {was the position Karjakin feared.}) 25. f5
Re8) 24. Kf3 Rg6 25. a3 Na4 $1 {There's just one thing to do in this position
and that's to place the knight on e6.} 26. Ke4 Nc5+ 27. Kf5 Ne6 28. Rh8+ Kd7
29. c3 Ng7+ 30. Ke4 Ne6 31. f3 c5 32. Bf2 a6 33. Be3 b6 {Nothing can ever
really happen in this position.} 1/2-1/2

[Event "FIDE Candidates 2014"]
[Site "Khanty-Mansiysk RUS"]
[Date "2014.03.19"]
[Round "6.3"]
[White "Mamedyarov, Shakhriyar"]
[Black "Svidler, Peter"]
[Result "1-0"]
[WhiteElo "2757"]
[BlackElo "2758"]
[Annotator "Crowther,Mark"]
[PlyCount "61"]
[EventDate "2014.03.13"]

1. d4 f5 {A new opening for Svidler prepared specially for this event.} 2. g3
Nf6 3. Bg2 g6 4. Nf3 Bg7 5. O-O O-O 6. c4 d6 7. Nc3 Qe8 8. b4 {"of course it
isn't a very good move but I hope it would be an interesting game." Mamedyarov.
} (8. e4 {"is not a very good move, I tried d5, Nd5, every move I tried and I
think every time I played draw." Mamedyarov.}) 8... e5 9. dxe5 dxe5 10. Ba3
$146 (10. b5 e4 11. Nd4 Qf7 12. Qb3 c5 13. bxc6 Nxc6 14. Nxc6 bxc6 15. Ba3 Rd8
16. Rac1 Be6 17. Qa4 Rac8 18. Bc5 Nd7 19. Be3 Nb6 20. Qa6 Bxc4 21. Qa5 Nd5 22.
Rfd1 Re8 23. Bd4 Nxc3 24. Bxc3 Bxe2 25. Bxg7 Qxg7 26. Rd2 Bd3 27. Bf1 Bxf1 28.
Kxf1 Qc7 29. Qa4 e3 30. Rdc2 exf2 31. Kxf2 Re6 32. Kg2 Qd7 33. Qb3 Qf7 34. Qd3
Qe7 35. Qb3 Kf8 36. Qf3 c5 37. g4 Re3 38. Qf4 Re4 39. Qh6+ Kg8 {Nguyen,N (2567)
-Zhang,Z (2649) Beijing 2008 0-1}) 10... e4 {"Black is obviously fine because
you don't normally get this. Here maybe I can do something more ambitious." -
Svidler.} 11. Nd4 Rf7 (11... Ng4 {can be tried straight away with the threat
of e3.} 12. h3 {was Svidler's suggestion for white but it doesn't look like
white should be doing this.} (12. b5 Rf7 {will probably transpose to the game.}
(12... e3 {isn't a threat.} 13. Bd5+ Kh8 14. f4 Nf2 {and white has a big
advantage.})) 12... Ne5) (11... Qf7 {Mamedyarov feared this "playing without
any risk" and he may be right.} 12. Qb3 Nc6 13. Nxc6 bxc6 14. Na4 $6 Be6 15.
Rfc1 Nd7 16. Bb2 {Svidler feared it as a bit boring but black is doing well
here.}) 12. Qb3 (12. b5 Ng4) 12... Nc6 (12... Ng4 13. Rad1 e3 14. f4 Nc6) 13.
Nxc6 Qxc6 (13... bxc6 {was certainly worthy of consideration.}) 14. b5 Qe8 15.
f3 {"I think black is OK and white is OK, it is a normal position." Mamedyarov.
} Be6 (15... exf3 16. exf3 Be6 17. Rad1 Rd7 {"If I want a quiet life" Svidler.}
18. f4 Rxd1 19. Rxd1 c6 20. Re1 Rc8) 16. Rad1 a6 {"From very far away I saw I
could play a6 here and I was sure I should be fine and so I was very happy
when we got here. This is a very interesting position with chances for
counterplay." Svidler. "The next moves look quite forced."} 17. bxa6 Rxa6 18.
fxe4 fxe4 (18... Nxe4 19. Bxe4 fxe4 20. Nd5 {is slightly better than the game
for white according to Svidler.}) 19. Nxe4 Nxe4 20. Bxe4 Rxf1+ 21. Rxf1 {"Here
I've have a number of options." Svidler.} b5 (21... Bh3 22. Rf4 $1 g5 $2 (22...
Qe5 $2 23. Bd5+ Kh8 24. Bb2 $1 {wins} (24. Rf8+ {this is less accurate.} Bxf8
25. Bb2 Bc5+ 26. e3 Bxe3+ 27. Qxe3 Qxb2 28. Qe8+ {is perpetual - Svidler.})
24... Qxb2 25. Rf8+ Bxf8 26. Qxb2+) 23. Bd5+ Kh8 24. Re4 {wins for white.}) 22.
Qe3 {"Starting from 22.Qe3 I went completely brain dead for about 20 minutes
and it decided the game." Svidler.} (22. Bc5 Bxc4 23. Bd5+ Bxd5 24. Qxd5+ Re6
25. e3 {looks a very logical line.} h5) (22. Bd5 {was the move Svidler feared
initially. Mamedyarov thought for about 25 minutes at this point and thought
this was a draw.} Bxd5 23. cxd5 Qxe2 24. d6+ Kh8 25. Bb2 (25. Qd5 cxd6 26. Bxd6
Qc4 27. Rf8+ Bxf8 28. Be5+ Bg7 29. Bxg7+ Kxg7 30. Qb7+ {with draw was a line
Mamedyarov calculated.}) 25... Bxb2 26. Rf8+ Kg7 27. Qf7+ Kh6 28. Qf4+ g5 29.
Rf6+ Kh5 {and black is winning.}) 22... bxc4 $6 (22... Qd7 {"I didn't even
consider Qd7 which somebody already pointed out." Svidler. Mamedyarov thought
he was the only one pressing here and also missed Qd7 and thought he would
have been in a lot of trouble.} 23. Qf3 (23. Bd5 bxc4 $1 {"and it seems black
is just much, much better." Svidler}) (23. Bc5 Bxc4 24. a3 Re6 25. Qf3) 23...
Bxc4 24. Bb2 Qd6 25. Bxg7 Kxg7 26. Qc3+ Kg8) 23. Bc5 {"I realised I'm no
longer better but losing this position in only three moves is completely
inexplicable." Svidler.} Qc8 $6 (23... c6) (23... Qd7 {"The move I wanted to
make very much" Svidler.} 24. Rb1 Bf6 (24... Kh8 25. Rb8+ Bg8 {is another
equally good way of playing.}) 25. Rb8+ Kg7 26. Bf8+ Kf7 27. Bc5 Kg7 {will
finish in repetition most likely.}) 24. h4 $6 {Svidler "forgot" about this
move.} (24. Rd1 {Mamedyarov saw after the game "White I think has a big
advantage." Svidler "Qc8 is just a horrible move.}) 24... h6 $2 {"There are no
words to discribe this, I have no idea what this is, I would very much like to
unsee this, make me unsee this. Shakh found the most accurate way to finish
the game off but why did I make those three moves in a row? I've no idea."
Svidler.} (24... Qd7) (24... Ra5 25. Rd1) (24... Rxa2 $1 25. h5 Ra1 {"should
save the game quite comfortably" Svidler and Mamedyarov agreed.} 26. Rxa1 Bxa1
27. hxg6 (27. Qg5 Bf7 28. hxg6 hxg6 {transposes.}) 27... hxg6 28. Qg5 Bf7 29.
Bxg6 Bxg6 30. Qxg6+ Kh8) 25. Bxg6 Bd5 (25... Bh3 26. Bf7+ Kh8 27. Rf3) (25...
Qd7) 26. h5 Qd7 27. Bd4 Re6 28. Bf7+ Qxf7 29. Rxf7 Rxe3 30. Rxg7+ Kf8 31. Rg5
$1 (31. Rg5 hxg5 32. Bxe3 Kg7 {[%eval 384,31] Houdini 4 x64}) (31. Rg5 hxg5 32.
Bxe3 g4 {[%eval 769,60] Stockfish 140315 SE/BrunoBanani}) (31. Rg5 Be6 32. Bxe3
hxg5 {[%eval 409,59] Stockfish 140315 SE/BrunoBanani}) 1-0

[Event "FIDE Candidates 2014"]
[Site "Khanty-Mansiysk RUS"]
[Date "2014.03.19"]
[Round "6.4"]
[White "Aronian, Levon"]
[Black "Andreikin, Dmitry"]
[Result "1/2-1/2"]
[WhiteElo "2830"]
[BlackElo "2709"]
[Annotator "Crowther,Mark"]
[PlyCount "96"]
[EventDate "2014.03.13"]

1. c4 c6 2. Nf3 d5 3. g3 dxc4 4. Bg2 Nd7 5. O-O Ngf6 6. Qc2 Nb6 7. Na3 Be6 8.
Ne5 Qd4 (8... g6 9. Naxc4 Nxc4 10. Nxc4 Bg7 11. d3 O-O 12. Bd2 a5 13. Bc3 Nd7
14. Bxg7 Kxg7 15. Rfd1 Qc7 16. d4 Rfd8 17. e4 Nf6 18. h3 Bxc4 19. Qxc4 Qb6 20.
Qc3 Kg8 21. Rd2 Rd7 22. Rad1 Rad8 23. Bf3 Qb4 24. a3 Qxc3 25. bxc3 e5 26. Kf1
Re7 27. Bg2 exd4 28. Rxd4 Rxd4 29. Rxd4 Re5 30. c4 Rc5 31. f4 Kf8 32. e5 Ne8
33. Ke2 Ke7 34. Kd3 f6 35. exf6+ Nxf6 36. Bf3 g5 37. fxg5 Rxg5 38. g4 {
Dominguez Perez,L (2757)-Robson,R (2628) St Louis 2014 1/2-1/2}) 9. Nxc6 bxc6
10. Bxc6+ {"I analysed this line maybe a year ago with Ashak Petrosian, I was
trying to defend with black but he kept on beating me over the board." -
Aronian} Kd8 11. Nb5 {This came as a surprise to Andreikin.} Qc5 12. Bxa8 Qxb5
(12... Nxa8 13. a4 a6 14. d4 Qf5 15. Qxf5 (15. Qc3 axb5 16. axb5 Nb6 17. Qa5
Nfd7 18. Bf4 {was a line Andreikin calculated.}) 15... Bxf5 16. Na3 {was a
variation Andreikin spent some time on.}) 13. Bg2 Bd7 $146 {"In fact Bd7 with
the idea of playing e5 was my main resource" - Aronian on his training
experiences trying to defend black here.} (13... h5 14. h4 Bf5 15. e4 Bd7 16.
a4 Nxa4 17. e5 Ne8 18. Re1 e6 19. Bf1 Bc5 20. d3 Qb3 21. Qxc4 Qxc4 22. dxc4 Nc7
23. Rd1 Kc8 24. Rxd7 Kxd7 25. Rxa4 Rb8 26. Be2 g6 27. Bd1 Bd4 28. b3 a6 29. Bf4
Bc3 30. Ra2 Kc6 31. Kf1 a5 32. Bd2 Bb4 33. Bxb4 axb4 34. Bf3+ Kb6 35. c5+ Kb5
36. Rd2 Nd5 37. Bxd5 exd5 38. Rxd5 Rb7 39. Ke2 Kc6 40. Rd3 Re7 41. f4 Ra7 42.
f5 gxf5 43. Kf3 {Timman,J (2566)-Smeets,J (2615) Wijk aan Zee 2013 1-0}) 14. b3
$5 {"In the game I thought it was too early to go into the endgame so I played
b3." Aronian} (14. a4 {Aronian} Qb3 15. Qxb3 cxb3 16. a5 Nc4 {Slightly better
for white.} (16... Nc8 17. Ra3 Be6 18. Re1)) 14... e5 {"I considered this to
be the main resource." Aronian.} (14... e6 {"Looks unpleasant because white's
bishop is very active." - Aronian.} 15. Bb2 Bd6 16. Rfc1 cxb3 17. axb3 Qxe2)
15. Rb1 {"Just to keep some pressure in the game." Aronian.} cxb3 (15... Bd6
16. bxc4 Qxc4 17. Qxc4 Nxc4 18. Rb7 Ke7 (18... Bc5 $5 19. d3 Nd6 20. Rb8+ Bc8
21. Ra8 {with some pressure.}) 19. d3 Na3 20. Bh3 Rd8 21. Bxa3 Bxa3 22. Rxa7
Bc5 23. Rb7) 16. Rxb3 Qxe2 {Black might as well take this.} 17. Ba3 {Aronian
thought this looked good when he went into this position.} (17. Bb2) 17... Bxa3
18. Rxa3 Qc4 19. Qb1 {Aronian said "To keep this press conference short I
won't go into many details" on the alternatives here.} (19. Qb2) (19. Qxc4 Nxc4
20. Rxa7 Re8 21. Re1 Re6) 19... Ke7 (19... Re8) (19... Qd4 $5 {Aronian} 20.
Rxa7 Re8 {was a move Andreikin thought about and it seems about equal.} (20...
Nc8 21. Ra8 Re8 22. a4 e4 23. a5 Re6 24. Rb8 Ra6 25. Rb4)) 20. Rxa7 (20. Rc1 {
was Aronian's initial intention but} Qd4 21. Rd3 Bf5 $1) (20. d4 {was a least
considered by Aronian but it really doesn't achieve anything.} Qxd4) 20... Qd4
21. Rb7 Na4 {Aronian mistrusted this placing of the knight over the board but
it doesn't seem that bad.} (21... Nc8 {is solid but passive.}) 22. Rc1 (22. Rb4
Qxd2 23. Rd1 Qc3 24. Rxd7+ Nxd7 25. Rxa4 Rb8 26. Qxh7 {is a critical variation.
}) 22... Rd8 23. h3 {"Probably there are better moves than 23.h3 but it's not
easy to see those moves." - Aronian. There doesn't really seem to be any real
alternative continuation that can set real problems.} (23. Bf3 e4 24. Rb4 Qxd2
25. Rd1 Qc3 26. Bxe4 Nc5 27. Rc1 $11) (23. Rb4 Qd6 (23... Qxd2 24. Rd1 Qc3 {
was the reason Aronian reject this idea.} 25. Rxd7+ Rxd7 26. Rxa4) 24. d4 {was
a continuation that worried Andreikin.} exd4 25. Rcc4 Nc3 $1 {and black is
winning.}) 23... Kf8 $6 {A blunder according to Aronian.} (23... h6) (23... Nc5
{"This of course was the main line." - Aronian.} 24. Rb4 Qd6 25. d4 (25. Rb6
Qd4 26. Rb4 {with a repetition.}) 25... Ne6 {"I kind of believe white is
slightly better but black has consolidated and maybe he'll be fine." - Aronian.
} (25... Nd3 $5)) 24. Qb3 {"Black is probably losing already." Aronian. Whilst
black's position has got trickier I think it's a very big statement to say he
is losing or is even much worse.} e4 $6 {After this black's position goes down
his very quickly.} (24... Ne4 $5 {May be the move to stay in the game.}) (24...
Be8 25. Rcc7 Nc5 26. Rxf7+ Kg8 27. Rxg7+ Kh8 28. Qg8+ Nxg8 29. Rxh7# {is the
kind of variation Aronian calculates when he's short of time.}) 25. Rc4 Qd5 26.
Qb4+ Kg8 27. Rd4 Qc6 $2 {"I saw my position is winning in different way but I
felt this is so simple I actually blundered Nf8 which is inexcusable." -
Aronian. Andreikin said that he was sure his position was about to collapse.} (
27... Qc5 {This is the only move now.}) 28. Rbxd7 {Second best.} (28. Bxe4 {
Aronian thought this might be messier but it seems more accurate.} Qe6 (28...
Qc1+) 29. Rbxd7 Rxd7 30. Qb8+ Ne8 31. Rxa4 {is a likely winner.} Rxd2 {
otherwise it's going to be two pawns.} 32. Ra8 {is the winner.}) 28... Nxd7 29.
Qxa4 (29. Qe7 $1) 29... Qxa4 30. Rxa4 Nf8 (30... f5 $5 {might even be better
than Nf8.}) (30... Nf6 {Even this move which Aronian predicted isn't nearly as
clear as white would have hoped.} 31. Kf1 Kf8 (31... g6 32. Ke2 Rd7 33. Bxe4
Nxe4 34. Rxe4 f5 35. Rb4 Ra7 36. a4 Kf7 37. Kd3 Ke6) 32. Ke2 Rb8 33. Bxe4 Nxe4
34. Rxe4 Ra8 35. a4 f5 36. Rh4 h6 37. Rb4 Ke7) 31. Rxe4 $2 (31. Bxe4 {"Here of
course I went completely mad" Aronian who didn't play well in the final phase.}
Rxd2 32. Ra7 {is better than the game too,.}) 31... Rxd2 32. a4 (32. Ra4 {may
be more accurate.}) 32... Ra2 33. Bf3 g6 34. Kg2 Ne6 35. Rc4 Kg7 36. Bd5 Kf6
37. Re4 Ra3 38. Bxe6 fxe6 {Now the game should be drawn.} 39. Rf4+ Ke7 40. h4
h5 41. Re4 Kf7 42. Kf1 Ra2 43. Ke1 Kf6 44. Kd1 Ke7 45. f4 Ra3 46. Kc2 Rxg3 47.
Rd4 Re3 48. Kb2 e5 1/2-1/2